<?xml version="1.0" encoding="UTF-8"?>
<record
    xmlns:xsi="http://www.w3.org/2001/XMLSchema-instance"
    xsi:schemaLocation="http://www.loc.gov/MARC21/slim http://www.loc.gov/standards/marcxml/schema/MARC21slim.xsd"
    xmlns="http://www.loc.gov/MARC21/slim">

  <leader>016410000a22003490004500</leader>
  <controlfield tag="003">EG-GICUC</controlfield>
  <controlfield tag="005">20250223025100.0</controlfield>
  <controlfield tag="008">071202s2007    ua     f m    000 0 eng d</controlfield>
  <datafield tag="040" ind1=" " ind2=" ">
    <subfield code="a">EG-GICUC</subfield>
    <subfield code="b">eng</subfield>
    <subfield code="c">EG-GICUC</subfield>
  </datafield>
  <datafield tag="041" ind1="0" ind2=" ">
    <subfield code="a">Eng</subfield>
  </datafield>
  <datafield tag="049" ind1=" " ind2=" ">
    <subfield code="a">Deposite</subfield>
  </datafield>
  <datafield tag="097" ind1=" " ind2=" ">
    <subfield code="a">M.Sc</subfield>
  </datafield>
  <datafield tag="099" ind1=" " ind2=" ">
    <subfield code="a">Cai01.11.18.M.Sc.2007.Ka.M</subfield>
  </datafield>
  <datafield tag="100" ind1="0" ind2=" ">
    <subfield code="a">Kamel Fayek Elattar</subfield>
  </datafield>
  <datafield tag="245" ind1="1" ind2="0">
    <subfield code="a">Markers of endothelial cell injury in chronic glomerulonephritis in different stages of chronic jidney disease / </subfield>
    <subfield code="c">Kamel Fayek Elattar ; Supervised Rokaya M.abdelaziz , Azza A.Elshamaa , Mohamed Elbasil</subfield>
  </datafield>
  <datafield tag="246" ind1="1" ind2="5">
    <subfield code="a">&#x62F;&#x644;&#x627;&#x644;&#x627;&#x62A; &#x627;&#x635;&#x627;&#x628;&#x629; &#x627;&#x644;&#x62E;&#x644;&#x627;&#x64A;&#x627; &#x627;&#x644;&#x637;&#x644;&#x627;&#x626;&#x64A;&#x629; &#x641;&#x649; &#x627;&#x644;&#x644;&#x62A;&#x647;&#x627;&#x628; &#x627;&#x644;&#x643;&#x628;&#x64A;&#x628;&#x627;&#x62A; &#x627;&#x644;&#x643;&#x644;&#x648;&#x64A;&#x629; &#x627;&#x644;&#x645;&#x632;&#x645;&#x646; &#x641;&#x649; &#x645;&#x631;&#x627;&#x62D;&#x644; &#x627;&#x644;&#x645;&#x631;&#x636; &#x627;&#x644;&#x643;&#x644;&#x648;&#x649; &#x627;&#x644;&#x645;&#x632;&#x645;&#x646; &#x627;&#x644;&#x645;&#x62E;&#x62A;&#x644;&#x641;&#x629;</subfield>
  </datafield>
  <datafield tag="260" ind1=" " ind2=" ">
    <subfield code="a">Cairo : </subfield>
    <subfield code="b">Kamel Fayek Elattar , </subfield>
    <subfield code="c">2007</subfield>
  </datafield>
  <datafield tag="300" ind1=" " ind2=" ">
    <subfield code="a">116P. ; </subfield>
    <subfield code="c">25cm</subfield>
  </datafield>
  <datafield tag="502" ind1=" " ind2=" ">
    <subfield code="a">Thesis (M.Sc.) - Cairo University - Faculty Of Medicine - Department Of Internal Medicine</subfield>
  </datafield>
  <datafield tag="520" ind1=" " ind2=" ">
    <subfield code="a">We conducted a study to examine to what extent the endothelium cells are injured in glomerulonephritis patients.forty - five GN patients were divided in three groups , first was GN with normal kidney function , second GN renal impairment and third was GN on haemodialysis vWF and CRP level</subfield>
  </datafield>
  <datafield tag="530" ind1=" " ind2=" ">
    <subfield code="a">Issued Also as CD</subfield>
  </datafield>
  <datafield tag="653" ind1=" " ind2="4">
    <subfield code="a">CRP</subfield>
  </datafield>
  <datafield tag="653" ind1=" " ind2="4">
    <subfield code="a">endothelium</subfield>
  </datafield>
  <datafield tag="653" ind1=" " ind2="4">
    <subfield code="a">vWF</subfield>
  </datafield>
  <datafield tag="700" ind1="0" ind2=" ">
    <subfield code="a">Azza A.Elshamaa , </subfield>
    <subfield code="e">Supervisor</subfield>
  </datafield>
  <datafield tag="700" ind1="0" ind2=" ">
    <subfield code="a">Mohamed Elbasil , </subfield>
    <subfield code="e">Supervisor</subfield>
  </datafield>
  <datafield tag="700" ind1="0" ind2=" ">
    <subfield code="a">Rokaya M.abdelaziz , </subfield>
    <subfield code="e">Supervisor</subfield>
  </datafield>
  <datafield tag="856" ind1=" " ind2=" ">
    <subfield code="u">http://172.23.153.220/th.pdf</subfield>
  </datafield>
  <datafield tag="905" ind1=" " ind2=" ">
    <subfield code="a">Aml</subfield>
    <subfield code="e">Cataloger</subfield>
  </datafield>
  <datafield tag="905" ind1=" " ind2=" ">
    <subfield code="a">Esam</subfield>
    <subfield code="e">Revisor</subfield>
  </datafield>
  <datafield tag="942" ind1=" " ind2=" ">
    <subfield code="2">ddc</subfield>
    <subfield code="c">TH</subfield>
  </datafield>
  <datafield tag="999" ind1=" " ind2=" ">
    <subfield code="c">5235</subfield>
    <subfield code="d">5235</subfield>
  </datafield>
  <datafield tag="952" ind1=" " ind2=" ">
    <subfield code="2">ddc</subfield>
    <subfield code="7">0</subfield>
    <subfield code="a">CUCL</subfield>
    <subfield code="b">cl210</subfield>
    <subfield code="d">2024-02-11</subfield>
    <subfield code="o">Cai01.11.18.M.Sc.2007.Ka.M</subfield>
    <subfield code="p">01010110047907000</subfield>
    <subfield code="r">2023-09-22 00:00:00</subfield>
    <subfield code="y">TH</subfield>
  </datafield>
  <datafield tag="952" ind1=" " ind2=" ">
    <subfield code="2">ddc</subfield>
    <subfield code="7">0</subfield>
    <subfield code="a">CUCL</subfield>
    <subfield code="b">cl2u8</subfield>
    <subfield code="d">2024-02-11</subfield>
    <subfield code="o">Cai01.11.18.M.Sc.2007.Ka.M</subfield>
    <subfield code="p">01020110047907000</subfield>
    <subfield code="r">2023-09-22 00:00:00</subfield>
    <subfield code="t">47907.CD     </subfield>
    <subfield code="y">CD</subfield>
  </datafield>
</record>
